Návody na cvičenia z poľnohospodárskych sústav pre poslucháčov PEF

Bibliographic Details
Main Authors: Černuško, Konštantín, 1936-2018 (Author), Kováč, Karol (Author), Cigľár, Jozef, 1936-2000 (Author), Líška, Emil, 1944- (Author)
Format: Book
Language:Slovak
PhysicalDescription:97 s. mp., sch., tab. 29 cm
Published: Bratislava Príroda 1981
Edition:1. vyd.
Subjects:

MARC

LEADER 00000cam a2200000 a 4500
001 vtls001102538
003 SK-MaSNL
005 20260301193843.0
008 250313s1981 xo ab e n 000 0 slo
015 |a SNBA1981/08 
020 |q (brož.) 
035 |a SNK000045380 
035 |a urn:nbn:sk:snk-aml0t1 
035 |a urn:nbn:sk:snk-am008ny1 
035 |a 0C33ED8F-7FAF-48ED-A021-B47982E8BE04 
040 |a SNK  |b slo  |c SNK  |e AACR2 
041 0 |a slo 
044 |a xo  |c SK 
080 |a 631.153.3(075.8)(076.5)  |2 1981 
080 |a 631.4  |2 1981 
080 |a 631.51/.53(075.8)(076.5)  |2 1981 
080 |a 632.934(075.8)(076.5)  |2 1981 
100 1 |a Černuško, Konštantín,  |d 1936-2018  |4 aut  |9 26326 
245 1 0 |a Návody na cvičenia z poľnohospodárskych sústav  |b pre poslucháčov PEF  |c Konštantín Černuško a kol. 
250 |a 1. vyd. 
260 |a Bratislava  |b Príroda 1981 
300 |a 97 s.  |b mp., sch., tab.  |c 29 cm 
366 |e 600 výt. 
500 |a Vydané pre VŠP v Nitre 
504 |a Bibliogr. odkazy 
650 0 7 |a poľnohospodárstvo  |2 SNKPH  |9 679 
650 0 7 |a obrábanie pôdy  |2 SNKPH  |9 52002 
650 0 7 |a buriny  |2 SNKPH  |9 15855 
655 7 |a praktické cvičenia  |2 SNKPH  |9 70517 
655 7 |a učebnice vysokých škôl  |2 SNKPH  |9 70191 
700 1 |a Kováč, Karol  |4 aut  |9 5313 
700 1 |a Cigľár, Jozef,  |d 1936-2000  |4 aut  |9 5309 
700 1 |a Líška, Emil,  |d 1944-  |4 aut  |9 224357 
852 |a Slovenská národná knižnica 
958 |a OND 
958 |a NB 
999 |c 879354  |d 881284 
952 |t P60, <04>, [BOOK], {604}  |a SNK  |b SNK  |y VYP  |7 0  |p 17A0053271  |o snkSB 32261 D1  |i snkKSP 7316/81  |0 0  |1 0  |4 0  |d 1997-03-10  |l 0  |r 2004-12-31 00:00:00  |w 2026-02-24 
952 |a SNK  |b SNK  |y PREZ  |7 0  |p 17A0991845  |o snkSB 32261  |i snkKSP 7315/81  |0 0  |1 0  |4 0  |d 2012-07-19  |f 1  |l 0  |r 2025-04-04 00:00:00  |w 2026-02-24